Botánica popular : (Record no. 154482)

MARC details
000 -LEADER
campo de control de longitud fija 00952nam a22002295i 4500
001 - NÚMERO DE CONTROL
campo de control 154482
003 - IDENTIFICADOR DE NÚMERO DE CONTROL
campo de control ES-MaACL
005 - FECHA Y HORA DE LA ÚLTIMA TRANSACCIÓN
campo de control 20230906205740.0
008 - DATOS DE LONGITUD FIJA--INFORMACIÓN GENERAL
campo de control de longitud fija 980910s1891 sp |||| | cat d
080 ## - NÚMERO DE LA CLASIFICACIÓN DECIMAL UNIVERSAL
Número de la Clasificación Decimal Universal 398(460.23):58
080 ## - NÚMERO DE LA CLASIFICACIÓN DECIMAL UNIVERSAL
Número de la Clasificación Decimal Universal 811.134.1'373.22:58(460.23)
100 1# - ENTRADA PRINCIPAL--NOMBRE DE PERSONA
Nombre de persona Gomis i Mestre, Cels.
9 (RLIN) 58207
245 10 - MENCIÓN DEL TÍTULO
Título Botánica popular :
Resto del título ab gran nombre de confrontacions /
Mención de responsabilidad, etc. per Cels Gomis.
260 ## - PUBLICACIÓN, DISTRIBUCIÓN, ETC.
Lugar de publicación, distribución, etc. Barcelona :
Nombre del editor, distribuidor, etc. Álvar Verdaguer,
Fecha de publicación, distribución, etc. 1891.
300 ## - DESCRIPCIÓN FÍSICA
Extensión 157 p. ;
Dimensiones 17 cm.
490 1# - MENCIÓN DE SERIE
Mención de serie Folk-lore catalá: biblioteca popular de la Associació d'Excursions Catalana ;
Designación de volumen o secuencia 6
650 #4 - PUNTO DE ACCESO ADICIONAL DE MATERIA--TÉRMINO DE MATERIA
Término de materia o nombre geográfico como elemento de entrada Plantas-
Subdivisión general Nombres vulgares-
Subdivisión geográfica Cataluña.
9 (RLIN) 141825
710 2# - ENTRADA AGREGADA--NOMBRE DE ENTIDAD CORPORATIVA
Nombre de entidad corporativa o nombre de jurisdicción como elemento de entrada Associació d'Excursions Catalana.
9 (RLIN) 134144
830 1# - PUNTO DE ACCESO ADICIONAL DE SERIE-TÍTULO UNIFORME
Título uniforme Folk-lore catalá: biblioteca popular de la Associació d'Excursions Catalana ;
Designación de volumen o secuencia 6
9 (RLIN) 221494
852 4# - LOCALIZACIÓN
Ubicación ES-MaACL
Número de control de estantería T-762-F-5
Nota libre - Enc. hol., conservando cub. original
-- - Enc. en un vol. facticio
Holdings
Estatus retirado Estado de pérdida Estado de daño No para préstamo Colección Biblioteca de origen Biblioteca actual Ubicación en estantería Fecha de adquisición Total de préstamos Signatura topográfica completa Código de barras Visto por última vez Precio de reemplazo Tipo de ítem Koha
        Colección de folletos Biblioteca del Ateneo de Madrid Biblioteca del Ateneo de Madrid Depósito folletos 17/01/2008   T-762-F-5 1161560 23/02/2023 23/02/2023 Folleto